[Event "Al Ain Classic 2012"]
[Site "Al-Ain UAE"]
[Date "2012.12.28"]
[Round "8.25"]
[White "Hassan, Sayed Barakat"]
[Black "Yasseen, Aly"]
[Result "1/2-1/2"]
[WhiteTitle "IM"]
[BlackTitle "IM"]
[WhiteElo "2347"]
[BlackElo "2280"]
[WhiteFideId "10600299"]
[BlackFideId "10600116"]
[EventDate "2012.12.22"]

1. e4 c5 2. Nc3 Nc6 3. Bb5 g6 4. Bxc6 dxc6 5. d3 Bg7 6. f4 Nf6 7. Nf3 Bg4 8. O-O
O-O 9. Qe1 Bxf3 10. Rxf3 Nd7 11. e5 f5 12. Be3 e6 13. Rd1 Rf7 14. Na4 Bf8 15. c4
Be7 16. d4 cxd4 17. Bxd4 Qc7 18. Rfd3 b5 19. Bf2 Bf8 20. cxb5 cxb5 21. Nc3 a6
22. Qd2 Nc5 23. Bxc5 Qxc5+ 24. Kh1 Rc7 25. Ne2 Qf2 26. Nd4 Qxd2 27. R3xd2 Kf7
28. g3 Be7 29. Nf3 h6 30. Kg2 Rac8 31. Nd4 Bb4 32. Rd3 Rd8 33. a3 Be7 34. Nf3
Rxd3 35. Rxd3 g5 36. h3 gxf4 37. gxf4 Rc2+ 38. Rd2 Rxd2+ 39. Nxd2 Ke8 40. Kf3
Kd7 41. Ke3 Kc6 42. Nf3 Kd5 43. Kd3 Bc5 44. Nh4 a5 45. Nf3 a4 46. h4 h5 47. Ng5
Bg1 48. Nh7 Bf2 49. Nf6+ Kc6 50. Nxh5 Bxh4 51. Ng7 Kd5 52. Ne8 Bd8 53. Nf6+ Kc6
54. b3 axb3 55. Kc3 Bb6 56. Kxb3 Be3 57. Nh5 Bc1 58. a4 bxa4+ 59. Kxa4 Kd5 60.
Kb5 Bxf4 61. Nxf4+ Kxe5 62. Nd3+ Kd4 63. Nf4 e5 64. Ne6+ Kd3 65. Kc5 f4 66. Kd5
f3 67. Nc5+ Ke3 68. Ne4 Kf4 69. Nf2 1/2-1/2

[Event "Al Ain Classic 2012"]
[Site "Al-Ain UAE"]
[Date "2012.12.28"]
[Round "8.26"]
[White "Zabeib, Mohamed"]
[Black "Labib, Ibrahim Hasan"]
[Result "0-1"]
[BlackTitle "IM"]
[WhiteElo "2158"]
[BlackElo "2432"]
[WhiteFideId "10607617"]
[BlackFideId "10600426"]
[EventDate "2012.12.22"]

1. d4 Nf6 2. c4 e6 3. Nf3 Bb4+ 4. Nbd2 b6 5. e3 Bb7 6. Bd3 O-O 7. O-O d5 8. Qc2
c5 9. cxd5 Qxd5 10. e4 Qh5 11. e5 Bxd2 12. Bxd2 Bxf3 13. gxf3 Nc6 14. Be3 Nd5
15. Be4 Nxd4 16. Bxd4 cxd4 17. Rae1 Rad8 18. Qd1 Nf4 19. Kh1 f5 20. Bc2 d3 21.
Bb3 Qh4 22. Qd2 Rd4 23. Re3 Rfd8 24. Rc1 Qh3 25. Rg1 a5 26. Rg3 Qh6 27. a3 a4
28. Ba2 Rc8 29. Re1 Kf7 30. Rgg1 Nh3 31. Qxh6 gxh6 32. Rgf1 Rc2 33. Kg2 Nf4+ 0-1

[Event "Al Ain Classic 2012"]
[Site "Al-Ain UAE"]
[Date "2012.12.28"]
[Round "8.27"]
[White "Shoker, Samy"]
[Black "Ssegwanyi, Arthur"]
[Result "0-1"]
[WhiteTitle "IM"]
[WhiteElo "2490"]
[BlackElo "2222"]
[WhiteFideId "627143"]
[BlackFideId "10000100"]
[EventDate "2012.12.22"]

1. g3 Nf6 2. Bg2 d5 3. Nf3 Nc6 4. d3 e5 5. O-O Be7 6. c4 O-O 7. cxd5 Nxd5 8. Nc3
Nb6 9. Be3 Re8 10. Rc1 Bf8 11. a4 h6 12. Ne4 Nd5 13. Bc5 Bxc5 14. Rxc5 Ncb4 15.
Nc3 Qd6 16. Rc4 Nxc3 17. bxc3 Nc6 18. Nd2 Rb8 19. Qc2 Be6 20. Rh4 Bd5 21. Ne4
Qd8 22. e3 a5 23. c4 Nb4 24. Qe2 Bc6 25. Qh5 Qe7 26. Rg4 Bd7 27. Rh4 Bc6 28. d4
b6 29. d5 Bxa4 30. f4 exf4 31. Rhxf4 f5 32. Qg6 Bd7 33. Bh3 Qf7 34. Qxf7+ Kxf7
35. d6 c5 36. Bxf5 Bxf5 37. Rxf5+ Kg6 38. R5f4 Rb7 39. Rd1 Rd7 40. Kf2 a4 41.
Rg4+ Kh7 42. Nc3 a3 43. Re4 Rxe4 44. Nxe4 a2 45. Ra1 Kg6 46. Ke2 Kf5 47. Nc3 Ke6
48. Nb5 Rf7 49. Nc3 Ra7 50. Nb5 Nc2 51. d7 Kxd7 52. Rd1+ Nd4+ 53. exd4 a1=Q 54.
dxc5+ Qxd1+ 55. Kxd1 Ra1+ 56. Ke2 bxc5 57. Nc3 Ke6 58. Ne4 Ra5 59. Nd2 Ke5 60.
Nb3 Ra2+ 61. Kd3 Ra3 62. Kc2 Rxb3 63. Kxb3 Kd4 64. h3 Kd3 0-1

[Event "Al Ain Classic 2012"]
[Site "Al-Ain UAE"]
[Date "2012.12.28"]
[Round "8.28"]
[White "Asgarova, Turan"]
[Black "Ibrayev, Nurlan"]
[Result "0-1"]
[BlackTitle "GM"]
[WhiteElo "1932"]
[BlackElo "2406"]
[WhiteFideId "13403451"]
[BlackFideId "13700650"]
[EventDate "2012.12.22"]

1. e4 c5 2. Nf3 d6 3. d4 cxd4 4. Nxd4 Nf6 5. Nc3 a6 6. Be2 e6 7. O-O Nbd7 8. f4
Qc7 9. a4 b6 10. Bf3 Bb7 11. Nb3 Be7 12. Be3 Rc8 13. Qe2 O-O 14. Rad1 Rfe8 15.
Qf2 Bf8 16. Rd2 Bc6 17. Nd4 Ba8 18. Nde2 Qb8 19. Ng3 Bc6 20. Nh5 b5 21. axb5
axb5 22. Nxf6+ Nxf6 23. Bd4 Nd7 24. f5 b4 25. fxe6 fxe6 26. Bh5 bxc3 27. Bf7+
Kh8 28. Qh4 Ne5 29. Bxe5 dxe5 30. Rd3 h6 31. Bxe8 Rxe8 32. Rxc3 Qb7 33. Qh5 Bd6
34. Rcf3 Rg8 35. Rf7 Qb6+ 36. Kh1 Bxe4 37. Qh3 Bf5 38. Qc3 Qd4 39. Qb3 e4 40.
Rd7 Qe5 41. g3 e3 42. Re1 e2 0-1

[Event "Al Ain Classic 2012"]
[Site "Al-Ain UAE"]
[Date "2012.12.28"]
[Round "8.30"]
[White "Kawuma, Patrick"]
[Black "Karim, Ismael"]
[Result "1/2-1/2"]
[WhiteTitle "CM"]
[BlackTitle "IM"]
[WhiteElo "2245"]
[BlackElo "2383"]
[WhiteFideId "10000127"]
[BlackFideId "625736"]
[EventDate "2012.12.22"]

1. c4 Nf6 2. Nc3 c6 3. Nf3 d5 4. e3 g6 5. b3 Bg7 6. Bb2 O-O 7. Be2 e6 8. O-O
Nbd7 9. d4 b6 10. Nd2 Bb7 11. cxd5 exd5 12. Re1 c5 13. Bf3 Qb8 14. Rc1 Re8 15.
dxc5 Nxc5 16. Nf1 Qd6 17. b4 Ne6 18. Qb3 Rad8 19. Red1 Ng5 20. Be2 a6 21. Na4 h5
22. Bd4 b5 23. Nc5 Bc8 24. Qb2 h4 25. f4 Nge4 26. Be5 Qf8 27. Bc7 h3 28. gxh3
Nf2 29. Bxd8 Nxd1 30. Rxd1 Rxd8 31. h4 Re8 32. Qc2 Qe7 33. Bf3 Bf5 34. Qg2 a5
35. a3 axb4 36. axb4 Ne4 37. Rxd5 Nxc5 38. Rxc5 Qxh4 39. Bc6 Rd8 40. Qg5 Qxg5+
41. fxg5 Bd3 42. Bxb5 Bf8 43. Re5 Bd6 44. Re8+ Rxe8 45. Bxe8 Bxf1 46. Kxf1 Bxb4
47. Kg2 Kf8 1/2-1/2

[Event "Al Ain Classic 2012"]
[Site "Al-Ain UAE"]
[Date "2012.12.28"]
[Round "8.32"]
[White "Solomons, Anzel"]
[Black "Soozankar, A.M."]
[Result "1/2-1/2"]
[WhiteTitle "WIM"]
[BlackTitle "FM"]
[WhiteElo "1928"]
[BlackElo "2223"]
[WhiteFideId "14300800"]
[BlackFideId "12503029"]
[EventDate "2012.12.22"]

1. d4 d6 2. Nf3 Nd7 3. e4 e5 4. Bc4 c6 5. O-O Be7 6. Nc3 Ngf6 7. a4 O-O 8. h3
Qc7 9. Qe2 h6 10. dxe5 dxe5 11. Nh4 Rd8 12. Nf5 Bf8 13. Qf3 Nb6 14. Bb3 Bxf5 15.
Qxf5 Qe7 16. f4 exf4 17. Bxf4 Qc5+ 18. Qxc5 Bxc5+ 19. Kh1 Bd4 20. Rae1 Nbd7 21.
e5 Bxc3 22. bxc3 Nd5 23. Bxd5 cxd5 24. e6 fxe6 25. Rxe6 Rac8 26. Re7 Rxc3 27.
Bd2 Rg3 28. Rf5 Nc5 29. a5 Rg6 30. Bb4 Ne4 31. Be1 Nf6 32. Rxb7 Re8 33. Bh4 1/2-1/2

[Event "Al Ain Classic 2012"]
[Site "Al-Ain UAE"]
[Date "2012.12.28"]
[Round "8.33"]
[White "Kisuze, Stephen Ssemmango"]
[Black "Mokhtar, Ahmed"]
[Result "0-1"]
[WhiteTitle "FM"]
[WhiteElo "2150"]
[BlackElo "2282"]
[WhiteFideId "10000186"]
[BlackFideId "10600698"]
[EventDate "2012.12.22"]

1. Nf3 c5 2. c4 g6 3. Nc3 Bg7 4. g3 Nc6 5. Bg2 d6 6. O-O e5 7. d3 h6 8. e3 Nge7
9. d4 cxd4 10. exd4 O-O 11. dxe5 dxe5 12. Be3 Be6 13. Nd2 Nd4 14. b3 Qa5 15. Rc1
Rad8 16. Qe1 b6 17. Kh1 Rfe8 18. Na4 Nec6 19. Nf3 Qxe1 20. Nxe1 Nb4 21. Nc3 f5
22. Rb1 e4 23. a3 Nbc2 24. Bc1 Nxe1 25. Rxe1 Nf3 26. Re3 Bxc3 27. Bxf3 exf3 28.
Rxf3 Rd1+ 29. Kg2 Bd4 30. Rf4 Bg7 0-1

[Event "Al Ain Classic 2012"]
[Site "Al-Ain UAE"]
[Date "2012.12.28"]
[Round "8.34"]
[White "Nesterovskaya, Anzhelika"]
[Black "Mohannad, Farhan"]
[Result "1/2-1/2"]
[WhiteTitle "WF"]
[BlackTitle "FM"]
[WhiteElo "2133"]
[BlackElo "2263"]
[WhiteFideId "14114895"]
[BlackFideId "8100918"]
[EventDate "2012.12.22"]

1. e4 c5 2. Nc3 Nc6 3. g3 g6 4. Bg2 Bg7 5. Nge2 e6 6. O-O Nge7 7. d3 d6 8. Be3
Nd4 9. Qd2 O-O 10. Nd1 e5 11. c3 Nxe2+ 12. Qxe2 f5 13. f4 exf4 14. Bxf4 fxe4 15.
dxe4 Be6 16. Ne3 Nc6 17. Qd2 Be5 18. Bh6 Rxf1+ 19. Rxf1 Qd7 20. Nd5 Kh8 21. Qf2
Bg7 22. Bxg7+ Qxg7 23. Qf6 Qxf6 24. Rxf6 Bg8 25. Rxd6 Ne5 26. b3 c4 27. Bf1 cxb3
28. axb3 Nf3+ 29. Kg2 Nd2 30. Nf6 Nxf1 31. Kxf1 Bxb3 32. Rd7 Bg8 33. Rxb7 a5 34.
Ke2 a4 35. Nxg8 Kxg8 36. Rb2 Kf7 37. Kd3 Ke6 38. Rb6+ Ke5 39. Rb5+ Ke6 40. Kc2
a3 41. Kb1 a2+ 42. Ka1 Ra3 43. Rc5 Kd6 44. Rd5+ Ke6 45. Rd3 Ke5 46. Re3 h5 47.
h4 Ra4 48. Re1 Ra8 49. Kb2 Ra6 50. Ka1 Ra3 51. Kb2 Ra6 52. Ka1 Ra3 53. Kb2 1/2-1/2

[Event "Al Ain Classic 2012"]
[Site "Al-Ain UAE"]
[Date "2012.12.28"]
[Round "8.35"]
[White "Sameir, Ramez"]
[Black "Bibasa, Bob"]
[Result "1/2-1/2"]
[BlackTitle "CM"]
[WhiteElo "2068"]
[BlackElo "2218"]
[WhiteFideId "10606017"]
[BlackFideId "10000240"]
[EventDate "2012.12.22"]

1. e4 Nc6 2. Nf3 d6 3. d4 Bg4 4. Be2 Nf6 5. Nc3 Bxf3 6. Bxf3 e5 7. d5 Nb8 8. Be3
Be7 9. Qd2 O-O 10. O-O-O c5 11. g4 Qa5 12. g5 Nfd7 13. Be2 a6 14. Rdg1 b5 15.
Kb1 c4 16. Nd1 Qxd2 17. Bxd2 Nc5 18. f3 Nbd7 19. Ne3 Rfc8 20. h4 Bf8 21. Rh2 g6
22. h5 Bg7 23. hxg6 fxg6 24. Rgh1 Nf8 25. Ng4 a5 26. Nf6+ Bxf6 27. gxf6 Ra7 28.
Bf1 Rf7 29. Bg5 Ncd7 30. Bh3 Re8 31. Bxd7 Nxd7 32. Rh4 h5 33. Rg1 Kh7 34. f4
Nxf6 35. f5 Rg8 36. Bxf6 Rxf6 37. fxg6+ Rgxg6 38. Rxh5+ Kg7 39. Rgh1 Rf4 40.
Rh7+ Kf6 41. Rd7 Rxe4 42. Rxd6+ Kf5 43. Rh5+ Kg4 44. Rxg6+ Kxh5 45. Rg1 Rd4 46.
c3 Rxd5 47. Rg8 Kh6 48. Kc2 Kh7 49. Rg4 Rd6 50. a4 bxa4 51. Rxc4 Kg6 52. Rxa4 1/2-1/2

[Event "Al Ain Classic 2012"]
[Site "Al-Ain UAE"]
[Date "2012.12.28"]
[Round "8.36"]
[White "Schon, Eugene"]
[Black "Fang, Yuxiang"]
[Result "1/2-1/2"]
[WhiteElo "2175"]
[BlackElo "2103"]
[WhiteFideId "3205690"]
[BlackFideId "8605840"]
[EventDate "2012.12.22"]

1. e4 e6 2. d4 d5 3. Nc3 Nf6 4. e5 Nfd7 5. f4 c5 6. Nf3 Nc6 7. Be3 a6 8. Qd2 b5
9. a3 Qa5 10. dxc5 Bxc5 11. Bxc5 Nxc5 12. Nd4 Qb6 13. Nxc6 Qxc6 14. b4 Ne4 15.
Nxe4 dxe4 16. Rc1 O-O 17. c4 bxc4 18. Rxc4 Qa4 19. Qe3 Bb7 20. Be2 Rac8 21. Rxc8
Rxc8 22. O-O Qc2 23. Rd1 h6 24. Rd2 Qc1+ 25. Kf2 Bd5 26. Rd1 Qxe3+ 27. Kxe3 Rc3+
28. Kd4 Rxa3 29. Rc1 Ra2 30. Bf1 Rb2 31. Kc5 g5 32. f5 e3 33. Bxa6 Bxg2 34. f6
e2 35. Bd3 Bh3 36. Kd6 Bf5 37. Bxf5 exf5 38. e6 Rxb4 39. e7 Re4 40. Rc8+ Kh7 41.
e8=Q Kg6 42. Qg8+ Kxf6 43. Rc7 Re6+ 44. Kd5 Re5+ 45. Kd4 Re4+ 46. Kd5 Re5+ 47.
Kc4 Re4+ 48. Kc5 Re5+ 49. Kc4 Re4+ 50. Kd5 1/2-1/2

[Event "Al Ain Classic 2012"]
[Site "Al-Ain UAE"]
[Date "2012.12.28"]
[Round "8.37"]
[White "Abdalla, Sayed"]
[Black "Visweswaran, K."]
[Result "0-1"]
[BlackTitle "FM"]
[WhiteElo "2009"]
[BlackElo "2158"]
[WhiteFideId "10619640"]
[BlackFideId "5005353"]
[EventDate "2012.12.22"]

1. d4 Nf6 2. Nf3 g6 3. c4 Bg7 4. Nc3 O-O 5. e3 c5 6. Be2 cxd4 7. exd4 d5 8. O-O
Nc6 9. c5 Ne4 10. Be3 f5 11. g3 Kh8 12. Re1 Be6 13. Bf1 Qa5 14. Qb3 Qb4 15. Nb5
Rac8 16. Qxb4 Nxb4 17. Rac1 a6 18. Nc3 h6 19. h4 f4 20. gxf4 Bf5 21. a3 Nxc3 22.
Rxc3 Nc6 23. Rb3 Rc7 24. Ne5 Bxe5 25. fxe5 Kh7 26. Bd3 Na5 27. Rc3 Bxd3 28. Rxd3
Rf5 29. f4 e6 30. Bc1 Rcf7 31. Rf1 Nc6 32. Kg2 Rh5 33. Rh1 Kg7 34. Be3 Na5 35.
b4 Nc6 36. Rb3 Rhf5 37. Rf1 g5 38. Kh3 gxf4 39. Rg1+ Kh7 40. Bf2 f3 41. Rg4 h5
42. Rg5 Rxg5 43. hxg5 Kg6 44. b5 axb5 45. Rxb5 Kxg5 46. a4 Kf5 47. a5 Rg7 48. a6
bxa6 49. Rb6 Rg2 50. Rxc6 Rxf2 51. Kg3 Rf1 52. Rxa6 h4+ 53. Kh2 Rc1 54. Ra2 Ke4
55. Kh3 Kxd4 56. Kxh4 Kxe5 57. Kg3 Ke4 58. Ra6 e5 59. c6 d4 60. Kf2 Rc2+ 61. Kf1
Ke3 0-1

[Event "Al Ain Classic 2012"]
[Site "Al-Ain UAE"]
[Date "2012.12.28"]
[Round "8.38"]
[White "Enkhtuul, Altanulzii"]
[Black "Molina, Antonio"]
[Result "1/2-1/2"]
[WhiteTitle "WIM"]
[BlackTitle "FM"]
[WhiteElo "2153"]
[BlackElo "2099"]
[WhiteFideId "4901444"]
[BlackFideId "5201365"]
[EventDate "2012.12.22"]

1. d4 Nf6 2. Nf3 g6 3. Bf4 Bg7 4. e3 O-O 5. h3 c5 6. c3 d6 7. Be2 Qb6 8. Qc1 Nc6
9. O-O Nd5 10. Bh2 cxd4 11. exd4 e5 12. dxe5 dxe5 13. Nbd2 Bf5 14. Nc4 Qc7 15.
Rd1 Rad8 16. Bf1 h6 17. Ne3 Be6 18. Re1 Nf4 19. Qc2 Rfe8 20. Bc4 Bxc4 21. Nxc4
b5 22. Bxf4 exf4 23. Ncd2 a6 24. a4 Nb4 25. Rxe8+ Rxe8 26. Qb1 Nd5 27. axb5 axb5
28. Qd3 Qb7 29. Ra5 Rb8 30. Nb3 Nc7 31. Nc5 Qc6 32. b4 Qd5 33. Ra7 Qxd3 34. Nxd3
Nd5 35. Nfe5 Rf8 36. c4 Nxb4 37. Nxb4 Bxe5 38. Nc6 Bb8 39. Rb7 bxc4 40. Nxb8 c3
41. Nd7 Rd8 42. Rc7 c2 43. Nf6+ Kg7 44. Nh5+ gxh5 45. Rxc2 Rd1+ 46. Kh2 Kg6 47.
Rc4 Kf5 48. g3 fxg3+ 49. Kxg3 Rg1+ 50. Kf3 Ra1 51. Rc5+ Kg6 52. Rc6+ f6 53. Kg3
Ra4 54. Rc8 h4+ 55. Kg2 Rf4 56. Rg8+ Kh5 57. Rg7 Rf5 58. Kf1 Rg5 59. Rf7 Kg6 60.
Ra7 Rb5 61. Ra4 Kg5 62. Rg4+ Kh5 63. Rg8 f5 64. Kg2 Rb6 65. Kf3 Rb2 66. Rg7 Rb3+
67. Kg2 f4 68. Rf7 Kg5 69. Rf8 Ra3 70. Rg8+ Kh5 71. Rf8 Kg5 72. Rg8+ Kh5 73. Rf8 1/2-1/2

[Event "Al Ain Classic 2012"]
[Site "Al-Ain UAE"]
[Date "2012.12.28"]
[Round "8.39"]
[White "Zelesco, Karl"]
[Black "Bharat, Vijay"]
[Result "1-0"]
[WhiteElo "2154"]
[BlackElo "1961"]
[WhiteFideId "3213390"]
[BlackFideId "5032784"]
[EventDate "2012.12.22"]

1. e4 c5 2. Nf3 d6 3. d4 cxd4 4. Nxd4 Nf6 5. Nc3 g6 6. Be3 Bg7 7. f3 Nc6 8. Qd2
O-O 9. O-O-O Nxd4 10. Bxd4 Be6 11. Kb1 Qc8 12. h4 Rd8 13. h5 d5 14. hxg6 dxe4
15. gxh7+ Nxh7 16. Qe3 Rxd4 17. Rxd4 Bxd4 18. Qxd4 exf3 19. gxf3 Bf5 20. Rg1+
Bg6 21. Bd3 Nf8 22. Nd5 Qe8 23. Qe5 f6 24. Bxg6 Nxg6 25. Qf5 1-0

[Event "Al Ain Classic 2012"]
[Site "Al-Ain UAE"]
[Date "2012.12.28"]
[Round "8.40"]
[White "Magdy, Kassem"]
[Black "Ayyad, Husain"]
[Result "0-1"]
[BlackTitle "FM"]
[WhiteElo "1956"]
[BlackElo "2205"]
[WhiteFideId "10618791"]
[BlackFideId "11200243"]
[EventDate "2012.12.22"]

1. d4 Nf6 2. Nf3 e6 3. g3 b6 4. Bg2 Bb7 5. O-O Be7 6. c4 d6 7. Nc3 Ne4 8. Qc2
Nxc3 9. Qxc3 Nd7 10. Re1 O-O 11. e4 e5 12. Qc2 Bf6 13. Be3 Qe7 14. Rad1 g6 15.
b4 c5 16. dxc5 dxc5 17. a3 Rfd8 18. Qa4 a5 19. bxc5 Nxc5 20. Qb5 Nd3 21. Re2 Ba6
22. Qb3 Nc5 23. Rxd8+ Qxd8 24. Bxc5 bxc5 25. Rd2 Qc7 26. h4 Bb7 27. Nh2 Bg7 28.
Ng4 a4 29. Qc2 Qc8 30. Ne3 Bc6 31. Nd5 Qb7 32. Qb2 Rb8 33. Qc3 h5 34. Qa5 Kh8
35. Qxc5 Bf8 36. Qe3 Qb3 37. Rd3 Qb1+ 38. Kh2 Rb3 39. Nc3 Qc2 40. f4 Rb2 41. Qf3
exf4 42. gxf4 Rb3 43. Qe3 Bg7 44. Qe1 0-1

[Event "Al Ain Classic 2012"]
[Site "Al-Ain UAE"]
[Date "2012.12.28"]
[Round "9.2"]
[White "Wang, Yue"]
[Black "Ehlvest, Jaan"]
[Result "1/2-1/2"]
[WhiteTitle "GM"]
[BlackTitle "GM"]
[WhiteElo "2696"]
[BlackElo "2603"]
[WhiteFideId "8601429"]
[BlackFideId "4500016"]
[EventDate "2012.12.22"]

1. c4 Nf6 2. Nf3 e6 3. g3 d5 4. Bg2 dxc4 5. Qa4+ Nbd7 6. Qxc4 c5 7. Qb3 Rb8 8.
d3 Bd6 9. Nc3 a6 10. Nd2 O-O 11. O-O b6 12. Nde4 Nxe4 13. Nxe4 Be7 14. a4 Bb7
15. Bf4 Bd5 16. Qc2 Rc8 17. Nd2 Bxg2 18. Kxg2 Nb8 19. Bxb8 Rxb8 20. Nf3 Qd7 21.
Rfd1 Qb7 22. h4 h6 23. Qc4 Rfd8 24. Kh3 Rbc8 25. Rac1 Bf8 26. b3 Be7 27. Rd2 Bf8
28. Rdc2 Rb8 29. Qf4 Bd6 30. Qg4 Qd5 31. Nd2 Be7 32. Qe4 Qd7 33. Kg2 Qd5 34. Rc4
h5 35. Qf3 Qxf3+ 36. Kxf3 Rd5 37. Ne4 f5 38. Nd2 Kf7 39. R4c3 Bf6 40. R3c2 Be7
41. b4 cxb4 42. Rc7 Kf8 43. Ra7 a5 44. Rcc7 Bf6 45. Rc6 e5 46. Nb3 Bd8 47. Kg2
Kg8 48. Kf1 Bf6 49. Ra6 Bd8 50. Ra7 Bf6 51. Ra6 1/2-1/2

[Event "Al Ain Classic 2012"]
[Site "Al-Ain UAE"]
[Date "2012.12.28"]
[Round "9.3"]
[White "Golizadeh, Asghar"]
[Black "Parligras, Mircea-Emilian"]
[Result "1/2-1/2"]
[WhiteTitle "GM"]
[BlackTitle "GM"]
[WhiteElo "2476"]
[BlackElo "2628"]
[WhiteFideId "12505269"]
[BlackFideId "1204297"]
[EventDate "2012.12.22"]

1. e4 c6 2. d4 d5 3. Nc3 dxe4 4. Nxe4 Bf5 5. Ng3 Bg6 6. h4 h6 7. Nf3 Nd7 8. h5
Bh7 9. Bd3 Bxd3 10. Qxd3 e6 11. Bd2 Ngf6 12. O-O-O Be7 13. Ne4 Nxe4 14. Qxe4 Nf6
15. Qe2 Qd5 16. c4 Qe4 17. Qxe4 Nxe4 18. Be1 b5 19. Ne5 bxc4 20. Nxc6 Bg5+ 21.
Kc2 O-O 22. d5 Rfc8 23. f3 Nc5 24. Ne5 exd5 25. Rxd5 Nd3 26. Bc3 Nf4 27. Rd7 Rd8
28. Rxd8+ Rxd8 29. g4 Ne2 30. Nxc4 Nd4+ 1/2-1/2

[Event "Al Ain Classic 2012"]
[Site "Al-Ain UAE"]
[Date "2012.12.28"]
[Round "9.4"]
[White "Sveshnikov, Evgeny"]
[Black "Miroshnichenko, Evgenij"]
[Result "1/2-1/2"]
[WhiteTitle "GM"]
[BlackTitle "GM"]
[WhiteElo "2514"]
[BlackElo "2628"]
[WhiteFideId "4100638"]
[BlackFideId "14102595"]
[EventDate "2012.12.22"]

1. e4 d5 2. exd5 Qxd5 3. Nc3 Qd6 4. d4 Nf6 5. Nf3 a6 6. g3 Bg4 7. Bg2 e6 8. h3
Bxf3 9. Qxf3 c6 10. Be3 Nbd7 11. O-O Be7 12. Rad1 O-O 13. Bf4 Qb4 14. Bc1 Rad8
15. a3 Qb6 16. b3 Qc7 17. Bb2 Rfe8 18. Ne2 Nf8 19. Nf4 Nd5 20. Nd3 Bf6 21. Nc5
Nd7 22. Ne4 Be7 23. c4 N5f6 24. Nc3 Nb6 25. Rfe1 Rd7 26. Re3 Qd8 27. Red3 Qc7
28. h4 Rdd8 29. R3d2 e5 30. dxe5 Rxd2 31. Rxd2 Qxe5 32. Ne4 Qxe4 33. Qxe4 Nxe4
34. Bxe4 g6 35. Kg2 a5 36. Bd3 Rd8 37. Bc3 Ra8 38. a4 Kf8 39. Bc2 Ke8 40. f4 Bb4
41. Re2+ Kf8 42. Bd4 Nd7 43. f5 Be7 44. Bf2 Bc5 45. Rd2 Bxf2 46. Rxd7 Bc5 47.
Rxb7 Re8 48. Bd1 Re7 49. Rb8+ Re8 50. Rxe8+ Kxe8 51. Bf3 Kd7 52. Be4 Bb4 53.
fxg6 fxg6 54. h5 gxh5 55. Bxh7 Ke7 56. Bg6 Kf6 57. Bxh5 c5 58. Kf3 Kg5 59. Be8
Ba3 60. Bd7 Bb4 1/2-1/2

[Event "Al Ain Classic 2012"]
[Site "Al-Ain UAE"]
[Date "2012.12.28"]
[Round "9.5"]
[White "Kotanjian, Tigran"]
[Black "Kazhgaleyev, Murtas"]
[Result "1-0"]
[WhiteTitle "GM"]
[BlackTitle "GM"]
[WhiteElo "2518"]
[BlackElo "2596"]
[WhiteFideId "13301250"]
[BlackFideId "13700316"]
[EventDate "2012.12.22"]

1. d4 Nf6 2. c4 e6 3. Nc3 Bb4 4. Qc2 O-O 5. a3 Bxc3+ 6. Qxc3 b6 7. Bg5 c5 8.
dxc5 bxc5 9. e3 d6 10. Bd3 Nbd7 11. Ne2 Qb6 12. O-O Rb8 13. Rab1 Bb7 14. Qc2 h6
15. Bh4 Ng4 16. Nc3 g5 17. Bg3 f5 18. Rfd1 Nde5 19. h3 Qc6 20. Bf1 f4 21. exf4
gxf4 22. Bh4 Nf3+ 23. gxf3 Qxf3 24. Nd5 Ne5 25. Bg2 Qh5 26. Nf6+ Rxf6 27. Bxf6
Nf3+ 28. Bxf3 Bxf3 29. Rxd6 Kf7 30. Kh2 Bg4 31. Qc3 f3 32. Rd7+ Ke8 33. Re7+ Kf8
34. Bh4 1-0

[Event "Al Ain Classic 2012"]
[Site "Al-Ain UAE"]
[Date "2012.12.28"]
[Round "9.6"]
[White "Jumabayev, Rinat"]
[Black "Ezat, Mohamed"]
[Result "1/2-1/2"]
[WhiteTitle "GM"]
[BlackTitle "IM"]
[WhiteElo "2567"]
[BlackElo "2450"]
[WhiteFideId "13702661"]
[BlackFideId "10600906"]
[EventDate "2012.12.22"]

1. Nf3 Nf6 2. c4 g6 3. g3 Bg7 4. Bg2 O-O 5. d4 Nc6 6. O-O d6 7. Nc3 Bf5 8. b3
Ne4 9. Nd5 Bd7 10. Bb2 e6 11. Ne3 f5 12. Qc2 Ne7 13. b4 g5 14. Nd2 Nxd2 15. Qxd2
f4 16. Nd1 c6 17. Bc3 Qe8 18. f3 d5 19. cxd5 Nxd5 20. e4 fxe3 21. Nxe3 Nxc3 22.
Qxc3 e5 23. Nc2 Bf5 24. Rad1 Qg6 25. Qb3+ Be6 26. Qb2 Bf5 27. Ne3 exd4 28. Nxf5
Qxf5 29. Rfe1 Rae8 30. Qb3+ Qf7 31. Qxf7+ Kxf7 32. Bf1 Rxe1 33. Rxe1 Re8 34.
Bc4+ Kf8 35. Rxe8+ Kxe8 36. b5 cxb5 37. Bxb5+ Ke7 38. Kf2 Kd6 39. Bd3 h6 40. f4
gxf4 41. gxf4 Kc5 42. Ke2 b5 43. Kd2 h5 44. h4 Bh6 45. Be2 Bxf4+ 46. Kd3 Bg3 47.
Bxh5 Bxh4 48. Be8 Bf6 49. Kc2 Kb4 50. Bd7 Bg7 51. Be8 a6 52. Bd7 Ka3 53. Bc8 a5
54. Bd7 b4 55. Be6 a4 56. Bf7 Bh6 57. Be6 Bg7 58. Bf7 b3+ 59. axb3 axb3+ 60.
Bxb3 d3+ 61. Kxd3 1/2-1/2

[Event "Al Ain Classic 2012"]
[Site "Al-Ain UAE"]
[Date "2012.12.28"]
[Round "9.7"]
[White "Dimakiling, Oliver"]
[Black "Grigoryan, Karen H."]
[Result "0-1"]
[WhiteTitle "IM"]
[BlackTitle "IM"]
[WhiteElo "2453"]
[BlackElo "2513"]
[WhiteFideId "5202248"]
[BlackFideId "13301004"]
[EventDate "2012.12.22"]

1. Nf3 d5 2. e3 Nf6 3. h3 Bf5 4. b3 h6 5. Bb2 e6 6. g3 c5 7. Bg2 Nc6 8. O-O Be7
9. d3 Bh7 10. Nbd2 O-O 11. Qe2 Rc8 12. a3 b5 13. Rac1 Qb6 14. e4 Rfd8 15. Kh2 a5
16. exd5 Nxd5 17. a4 bxa4 18. Nc4 Qb5 19. bxa4 Qxa4 20. Nfe5 Nxe5 21. Bxe5 Qb5
22. Ra1 a4 23. Nb2 Nb4 24. Rxa4 Nc6 25. Bxc6 Qxc6 26. Ra7 Bf8 27. Nc4 f6 28. Bc3
e5 29. Qg4 Ra8 30. Na5 Qd5 31. Rc7 Qd6 32. Rb7 Re8 33. Re1 Qe6 34. Qa4 Qf5 35.
Kg2 Kh8 36. g4 Qc8 37. Rbb1 Bg8 38. f3 c4 39. dxc4 Ra6 40. Qb5 Qa8 41. Ra1 e4
42. Qf5 Rae6 43. f4 e3+ 44. Qd5 Qc8 45. Qf3 e2 46. Bd4 Qc7 47. c3 Re4 48. f5 Bc5
49. Bxc5 Qxc5 50. Nb3 Qc7 51. Nd4 Re3 52. Ne6 Bxe6 53. Ra8 Rxa8 54. Qxe3 Bxc4
55. h4 Qc6+ 56. Kg3 Rd8 0-1

[Event "Al Ain Classic 2012"]
[Site "Al-Ain UAE"]
[Date "2012.12.28"]
[Round "9.8"]
[White "Paragua, Mark"]
[Black "Javanbakht, Nima"]
[Result "1-0"]
[WhiteTitle "GM"]
[BlackTitle "FM"]
[WhiteElo "2533"]
[BlackElo "2406"]
[WhiteFideId "5201241"]
[BlackFideId "12510670"]
[EventDate "2012.12.22"]

1. e4 c5 2. c3 d5 3. exd5 Qxd5 4. d4 Nc6 5. Nf3 Bf5 6. Be3 cxd4 7. Nxd4 e6 8.
Nd2 Nf6 9. Be2 Qd7 10. Nxf5 exf5 11. Nb3 Qc7 12. Nd4 f4 13. Nb5 Qb8 14. Bd4 Be7
15. Bxf6 Bxf6 16. Nd6+ Ke7 17. Ne4 Qe5 18. Qb3 Rhb8 19. O-O-O Kf8 20. Bf3 Na5
21. Qc2 Rd8 22. Nxf6 Qxf6 23. Qxh7 g6 24. h4 Nc4 25. Qh6+ Kg8 26. Qg5 Qb6 27. b3
Na3 28. Bd5 Rac8 29. c4 Rd6 30. h5 Rxd5 31. Qxd5 Nxc4 32. bxc4 Qb4 33. Rd3 Rxc4+
34. Kd1 Qb1+ 35. Ke2 Rc2+ 36. Kf3 Qb2 37. Qd8+ 1-0